000 00692nam a2200289Ia 4500
005 20260324122208.0
008 008 260324s9999 xx 000 0 eng d
020 _a9781041056966
037 _aEBOOK
040 _aCRL
040 _beng
040 _cCRL
041 _2eng
041 _aeng
084 _qCRL
100 _aRebecca Joy Novell
_91165497
245 0 _aStarting Social Work
245 0 _bReflections of a Newly Qualified Social Worker
260 _bTaylor and Francis
260 _c2013
365 _a
365 _b98.99
856 _uhttp://www.taylorfrancis.com/books/9781041056966
942 _cEBOOK
999 _c1758047
_d1758047